A certifiable nuisance (Record no. 62303)

MARC details
000 -LEADER
fixed length control field 00806cam a2200205 4500
001 - CONTROL NUMBER
control field ABS61763
008 - FIXED-LENGTH DATA ELEMENTS--GENERAL INFORMATION
fixed length control field 000000n2000 000 0 eng u
035 ## - SYSTEM CONTROL NUMBER
System control number (Sirsi) u103736
100 ## - MAIN ENTRY--PERSONAL NAME
Personal name Klein, R.
245 #2 - TITLE STATEMENT
Title A certifiable nuisance
260 ## - PUBLICATION, DISTRIBUTION, ETC.
Date of publication, distribution, etc. 2000
490 ## - SERIES STATEMENT
Series statement Building
Volume/sequential designation 265(8118) 7 January 2000, 48-49(2)
520 ## - SUMMARY, ETC.
Summary, etc. Discusses the DETR consultation paper "Taking Forward Self-Certification Under the Building Regulations". Warns that it could make businesses vulnerable to court action and introduce a time-consuming process of approval to self-certify compliance with the building regulations.
590 ## - LOCAL NOTE (RLIN)
Local note ABS
650 ## - SUBJECT ADDED ENTRY--TOPICAL TERM
Topical term or geographic name entry element BUILDING REGULATIONS
9 (RLIN) 6224
650 ## - SUBJECT ADDED ENTRY--TOPICAL TERM
Topical term or geographic name entry element SELF-CERTIFICATION
650 ## - SUBJECT ADDED ENTRY--TOPICAL TERM
Topical term or geographic name entry element TRADE ASSOCIATIONS
690 ## - LOCAL SUBJECT ADDED ENTRY--TOPICAL TERM (OCLC, RLIN)
Topical term or geographic name as entry element BUILT ENVIRONMENT-BUILDING STANDARDS
942 ## - ADDED ENTRY ELEMENTS (KOHA)
Suppress in OPAC 0
Holdings
Withdrawn status Lost status Source of classification or shelving scheme Damaged status Not for loan Home library Current library Shelving location Date acquired Total Checkouts Full call number Barcode Date last seen Copy number Price effective from Koha item type
    Dewey Decimal Classification     London London Journal article 21/01/2000   ABS61763 103736-1001 06/08/2019 1 06/08/2019 Journal article